Encyclopedia of mathematics / (Record no. 61315)

000 -LEADER
fixed length control field 00589 a2200181 4500
020 ## - INTERNATIONAL STANDARD BOOK NUMBER
International Standard Book Number 0816051240
020 ## - INTERNATIONAL STANDARD BOOK NUMBER
International Standard Book Number 9780816051243
082 04 - DEWEY DECIMAL CLASSIFICATION NUMBER
Classification number 510.3
090 ## - LOCALLY ASSIGNED LC-TYPE CALL NUMBER (OCLC); LOCAL CALL NUMBER (RLIN)
-- 446
-- 446
100 1# - MAIN ENTRY--PERSONAL NAME
Personal name Tanton, James Stuart.
245 10 - TITLE STATEMENT
Title Encyclopedia of mathematics /
Statement of responsibility, etc. James Stuart Tanton.
260 ## - PUBLICATION, DISTRIBUTION, ETC.
Place of publication, distribution, etc. [S.l.] :
Name of publisher, distributor, etc. Facts on File,
Date of publication, distribution, etc. 2005.
300 ## - PHYSICAL DESCRIPTION
Extent 576 p. ;
Dimensions 28 cm.
490 1# - SERIES STATEMENT
Series statement Science encyclopedia.
830 #0 - SERIES ADDED ENTRY--UNIFORM TITLE
Uniform title Science encyclopedia.
942 ## - ADDED ENTRY ELEMENTS (KOHA)
Institution code [OBSOLETE] SNS
Koha item type Book
Call number prefix 510.3 TAN
Holdings
Withdrawn status Lost status Source of classification or shelving scheme Damaged status Not for loan Permanent Location Current Location Shelving location Date acquired Source of acquisition Cost, normal purchase price Total Checkouts Full call number Barcode Date last seen Cost, replacement price Price effective from Koha item type
          Pakistan Navy Engineering College (PNEC) Pakistan Navy Engineering College (PNEC) Reference 10/29/2007 Vangaurd Books 2124.00   510.3 TAN PNECLIB-028519 10/24/2014 2124.00 10/29/2007 Book
© 2023 Central Library, National University of Sciences and Technology. All Rights Reserved.